[Event "Norwood Centenary"]
[Site "Norwood"]
[Date "1990.04.16"]
[Round "6.13"]
[White "Fraser, Lee"]
[Black "Brown, Cyril D"]
[Result "1-0"]
[WhiteElo "1245"]
[BlackElo "1421"]
[PlyCount "61"]
[EventDate "1990.04.14"]
[EventType "swiss"]
[EventRounds "6"]
[EventCountry "AUS"]

1. e4 c5 {Sicilian Defence} 2. e5 e6 $146 (2... Nc6 3. f4 d6 4. Nf3 Bg4 5. Bb5
a6 6. Bxc6+ bxc6 7. O-O d5 8. h3 Bd7 9. Nc3 e6 10. d3 Ne7 11. Qe1 h5 12. Nh4
Nf5 13. Nxf5 exf5 14. Nb1 Be7 15. Nd2 Be6 16. Nf3 Qb6 17. c3 c4+ 18. d4 a5 19.
Qf2 Kd7 20. Be3 Rhb8 21. Rab1 a4 22. Qc2 Ra5 23. Nd2 Qa6 24. Rf2 Rab5 25. Nf1
a3 26. b3 cxb3 27. axb3 a2 28. Qxa2 Qxa2 29. Rxa2 Rxb3 30. Ra7+ Kd8 31. Rxb3
Rxb3 32. Bd2 Ra3 33. Rxa3 Bxa3 34. Kf2 Kc7 35. Ne3 Kb6 36. g4 hxg4 37. hxg4 g6
38. gxf5 Bxf5 39. Ke2 Kb5 40. Kd1 Bf8 41. Ke2 {
1/2-1/2 Bilawer,A-Caizapanta,O/OLO-B 1994/GER 08 (41)}) 3. Bb5 a6 4. Bc4 b5 5.
Be2 Bb7 6. Bf3 Qc7 7. Bxb7 Qxb7 8. Nf3 Qe4+ 9. Kf1 Qb7 10. d4 cxd4 11. Qxd4 Nc6
12. Qg4 g6 (12... d5 13. exd6 Nf6 14. Qh4 $11) 13. Nc3 Nh6 $16 (13... d5 $142
$5 $11 {would keep Black in the game}) 14. Bxh6 Bxh6 15. Re1 $11 (15. Ne4 $142
$5 O-O 16. Nf6+ Kg7 17. Qh4 $18) 15... Bg7 16. h4 h5 $11 (16... O-O 17. Re3 $11
) 17. Qg3 Qc7 {Can e5 get defended?} 18. Qf4 Ne7 19. Ne4 {
White gets kings attack} O-O 20. Nf6+ $17 {'the knight is the knight!'} (20.
Qg5 $142 $5 {would keep White alive} Nf5 21. Re2 $11) 20... Kh8 $11 (20... Bxf6
$142 21. Qxf6 Nd5 $17) 21. g4 hxg4 $4 $18 (21... Ng8 $142 {would bring relief}
22. Nxg8 Kxg8 23. gxh5 gxh5 $16) 22. Qxg4 (22. h5 $142 {
makes sure everything is clear} g5 23. h6 (23. Qxg4 $6 {is no comparison} Bxf6
24. exf6 Nf5 $16) (23. Nxg5 $6 Nf5 24. Nxg4 d6 $18) 23... Qc4+ 24. Qxc4 bxc4
25. hxg7+ Kxg7 26. Nxg5 $18) 22... Qc4+ (22... Bxf6 $5 23. exf6 Nf5 $18) 23.
Qxc4 bxc4 24. h5 {Threatening mate... how?} Bxf6 $2 (24... Bh6 $142 $18) 25.
exf6 Nd5 (25... Kg8 {is not the saving move} 26. fxe7 Rfe8 27. Ne5 $18) 26.
hxg6+ Kg8 27. g7 {Threatening mate: Rh8} Nxf6 28. gxf8=Q+ Rxf8 29. Ke2 (29.
Rg1+ $5 {might be the shorter path} Kh8 30. Ng5 Rg8 31. Nxf7+ Kh7 32. Rh1+ Kg7
$18) 29... Rb8 (29... Re8 $18 {what else?}) 30. Reg1+ Kf8 31. Rh8+ (31. Rh8+
Ke7 32. Rxb8 $18) 1-0

[Event "Norwood Centenary"]
[Site "Norwood"]
[Date "1990.04.16"]
[Round "6.14"]
[White "Manning, Cliff"]
[Black "Wouters, Eddy"]
[Result "1-0"]
[WhiteElo "1246"]
[BlackElo "1135"]
[PlyCount "75"]
[EventDate "1990.04.14"]
[EventType "swiss"]
[EventRounds "6"]
[EventCountry "AUS"]

1. d4 d5 2. c4 e6 3. Nc3 Nf6 {Queen's Gambit} 4. a3 $146 {Consolidates b4} (4.
Nf3 c6 5. e3 Nbd7 6. a3 Bd6 7. Be2 O-O 8. O-O Re8 9. b4 (9. h3 b6 10. b4 dxc4
11. Bxc4 a5 12. bxa5 b5 13. Be2 Rxa5 14. Bb2 Qe7 15. Qb3 e5 16. dxe5 Nxe5 17.
Na2 Bd7 18. Nb4 c5 19. Nxe5 Bxe5 20. Bxe5 Qxe5 21. Nd3 Qc7 22. Bf3 Bf5 23. Qc3
c4 24. Nb4 Be4 25. Bxe4 Nxe4 26. Qd4 Qc5 27. Qd7 Nf6 28. Qc6 Rc8 29. Qf3 h6 30.
Rfd1 c3 31. Rd4 Ra4 32. Qd1 g6 33. Qb3 Rca8 34. Rf4 Kg7 35. Nd3 Qc7 36. Rb4 Ne4
37. Rxb5 Nd2 38. Qc2 Rxa3 39. Rc1 Ne4 40. Rb4 Ra2 41. Qb3 R2a3 42. Qd5 Nf6 43.
Qc4 Rc8 {Kozul,Z-Blatny,P/Munich op9293 1993/TD 92\11/0-1 (81)}) 9... dxc4 10.
Bxc4 b5 11. Be2 a5 12. bxa5 Rxa5 13. Bb2 Qe7 14. a4 b4 15. Nb1 Nb6 16. Nbd2 Qa7
17. Nc4 Nxc4 18. Bxc4 Nd5 19. Qc2 Bd7 20. Ng5 g6 21. e4 Nb6 22. e5 Be7 23. Ne4
Nxa4 24. Rxa4 Rxa4 25. Qd2 Qa5 26. Qh6 f5 27. Nf6+ {
1-0 Poulenard,R-Guyot,P/Cannes op 1989/TD 89\04 (27)}) 4... Be7 5. Nf3 O-O 6.
e3 c6 {Secures b5} 7. Be2 Nbd7 8. O-O Bd6 9. Ne1 Bc7 10. f4 Re8 11. Nf3 Ne4 $14
{Black can be proud of that piece} (11... Qe7 12. b3 $11) 12. Nxe4 dxe4 13. Nd2
f5 14. b3 Nf6 15. Bb2 Rf8 16. c5 {This push gains space} Bd7 (16... Nd5 17. Nc4
$11) 17. Rc1 Qe7 18. Nc4 Rad8 19. Qe1 Nd5 {A valuable piece} 20. Qg3 Rf6 21.
Ne5 {Menacing} Bxe5 $14 (21... Rh6 $5 $11) 22. dxe5 {White wins space.} ({
Weaker is} 22. fxe5 Rg6 23. Qf2 Qg5 $17) 22... Rg6 23. Qf2 Be8 24. Rfd1 Rh6 25.
Bc4 $11 (25. Rd4 Bh5 $14) 25... Bh5 $14 (25... Qxc5 26. Rd4 Qe7 27. b4 $15) 26.
Rd2 Kh8 27. Bxd5 $15 (27. b4 $5 $14 {is interesting}) 27... exd5 ({Worse is} 
27... cxd5 28. c6 $14) 28. b4 a6 29. a4 Bf7 30. Qf1 Be8 31. Qf2 Re6 32. Qg3 Qf7
33. Qh4 Re7 34. e6 $17 {White advances the passed pawn} (34. Rcd1 $142 $5 $11 {
is an interesting idea}) 34... Qf8 $4 $16 {
with this move Black loses his initiative} (34... Qxe6 $142 35. Be5 Red7 $17)
35. g4 $4 $15 {weakening the position} (35. Be5 $142 $16) 35... Bg6 36. Rg2
Rxe6 $4 $18 {Black has let it slip away} (36... Rde8 $142 $15 {was necessary})
37. gxf5 Bxf5 (37... Qe7 {is still a small chance} 38. Rg5 Rf8 39. fxe6 Qxe6
$18) 38. Bxg7+ (38. Bxg7+ Kg8 39. Bxf8+ Bg4 40. Qxd8 h5 41. f5 b5 42. fxe6 bxa4
43. Qf6 d4 44. Qg7#) 1-0

[Event "Norwood Centenary"]
[Site "Norwood"]
[Date "1990.04.16"]
[Round "6.15"]
[White "Pointer, Geoffrey"]
[Black "Egg, Marcel"]
[Result "1-0"]
[WhiteElo "1364"]
[BlackElo "1137"]
[PlyCount "55"]
[EventDate "1990.04.14"]
[EventType "swiss"]
[EventRounds "6"]
[EventCountry "AUS"]

1. c4 Nf6 2. Nc3 d5 3. cxd5 Nxd5 4. e4 {English Opening} Nxc3 5. bxc3 (5. dxc3
Qxd1+ 6. Kxd1 e5 7. Be3 Be6 8. Nf3 f6 9. Nd2 Nd7 10. Kc2 Bc5 11. Bxc5 Nxc5 12.
b4 Nd7 13. Bc4 Nf8 14. Bxe6 Nxe6 15. Nc4 O-O-O 16. a4 Rd7 17. Rad1 Rhd8 18.
Rxd7 Rxd7 19. h4 h5 {
Strikovic,A-Sanchez Almeyra,J/Ibercaja op 1992/TD 92\04/1-0 (46)}) 5... e6 $146
(5... g6 6. Bb2 (6. Ba3 Nd7 7. Nf3 Bg7 8. Be2 c5 9. O-O O-O 10. d4 cxd4 11.
cxd4 Nb6 12. Qb3 Bg4 13. Rad1 Bd7 14. Rc1 Ba4 15. Qb4 e6 16. Bb5 Bxb5 17. Qxb5
Re8 18. Rfd1 Rc8 19. Bc5 Qc7 20. Rb1 Qc6 21. Bxb6 axb6 22. e5 Qxb5 23. Rxb5 Rc6
24. g3 Ra8 25. Rd2 Bh6 26. Rdb2 Bc1 27. Rb1 Rxa2 28. Rxb6 Rxb6 29. Rxb6 Rb2 30.
Rxb2 Bxb2 31. Kf1 Kf8 32. Ke2 Ke8 33. Kd3 b5 34. Ng5 h5 35. h3 Ba3 36. f3 Be7
37. Ne4 Kd7 38. g4 Kc6 39. Ng3 hxg4 40. fxg4 b4 41. Kc4 g5 42. Ne4 b3 43. Nc3
b2 44. Kb3 f6 45. Kxb2 fxe5 46. dxe5 Kc5 47. Kc2 Kd4 48. Nb5+ Kxe5 49. Kd3 {
1/2-1/2 Keres,P-Smyslov,V/Wch18-NLD\URS (Moscow) 1948/MAINB (49)}) 6... Bg7 7.
Nf3 O-O 8. Be2 c5 9. O-O Nc6 10. Qc2 b6 11. Rad1 Bb7 12. h3 e6 13. d3 Qe7 14.
Ne1 b5 15. f4 b4 16. Nf3 Rfd8 17. c4 Nd4 18. Nxd4 Bxd4+ 19. Bxd4 Rxd4 20. Rf3
f5 21. Re3 Qf6 22. g3 Rad8 23. exf5 exf5 24. Bf3 Bxf3 25. Rxf3 Qe7 26. Kf2 Re8
27. Qd2 a5 {1/2-1/2 Solice,R-Seils,G/BLW9293 1993/BIG 90 (27)}) (5... c5 6. Nf3
g6 7. Be2 Bg7 8. O-O O-O 9. Rb1 b6 10. d4 Bb7 11. Qc2 cxd4 12. cxd4 Qc8 13. Qd3
Rd8 14. Bg5 Qd7 15. Qe3 Rc8 16. Bb5 Bc6 17. a4 e6 18. Ne5 Qb7 19. Nxc6 Nxc6 20.
Rfd1 {Eberhardt,F-Schulze,A/BL2-S 8788 1988/BL2/1-0 (40)}) 6. Qg4 a6 {
Controls b5} 7. Nf3 b6 8. Be2 g6 9. a4 $11 (9. d4 c5 $11) 9... Bg7 10. Ba3 (10.
d4 e5 11. Qg3 exd4 $14) 10... Nc6 11. O-O Ne5 $14 (11... e5 $5 12. Qg3 Qf6 $11)
12. Nxe5 Bxe5 13. d4 Bd6 14. Bxd6 $11 (14. e5 Bxa3 15. Rxa3 O-O $14) 14... cxd6
15. Qh3 O-O 16. Qh6 e5 $14 (16... Qc7 17. Qe3 $11) 17. Rad1 $11 (17. f4 exd4
18. f5 Qf6 (18... dxc3 $4 {taking the pawn will cause Black grave problems} 19.
f6 Qxf6 20. Rxf6 $18) 19. fxg6 Qxg6 20. Qxg6+ hxg6 21. cxd4 f5 $14) 17... Re8
$14 (17... Qc7 $5 $11 {is noteworthy}) 18. dxe5 Rxe5 19. f4 Re8 20. e5 {
White gains space} d5 21. Bf3 Bb7 (21... Qc7 22. Bxd5 Ra7 23. c4 $14) 22. c4
Qe7 23. Bxd5 Rab8 24. Qh3 $16 (24. f5 Bxd5 25. Rxd5 Qf8 26. Qxf8+ Rxf8 $16)
24... Qc5+ 25. Kh1 Bxd5 $18 (25... Re7 26. e6 f5 27. Qh4 $16) 26. cxd5 {
The passed pawn on d5 will quickly become a dangerous weapon} (26. Rxd5 $6 Qxc4
27. Qf3 Qxa4 $15) 26... Rbc8 27. d6 Re6 $2 (27... Rcd8 $142 $18) 28. Qh4 (28.
Qh4 g5 29. fxg5 $18 (29. Qxg5+ $6 Rg6 30. Qh4 Qc6 $18)) 1-0

[Event "Norwood Centenary"]
[Site "Norwood"]
[Date "1990.04.16"]
[Round "6.16"]
[White "Siow, David"]
[Black "Steffensen, Neil"]
[Result "1-0"]
[WhiteElo "1130"]
[BlackElo "1125"]
[PlyCount "89"]
[EventDate "1990.04.14"]
[EventType "swiss"]
[EventRounds "6"]
[EventCountry "AUS"]

1. e4 e5 2. Nf3 Nc6 3. Bc4 Nf6 4. Ng5 d5 5. exd5 Nxd5 {Two Knights' Defence} 6.
d3 (6. d4 Be7 7. Nxf7 Kxf7 8. Qf3+ Ke6 9. Nc3 Nxd4 10. Bxd5+ Kd6 11. Qd3 c6 12.
Be4 Kc7 13. Be3 Be6 14. O-O-O b5 15. Bxd4 Qxd4 16. Qg3 Qc5 17. b4 Qxb4 18.
Qxe5+ Kb6 19. Rd3 Bc4 20. Rd7 Bg5+ {
Veinger,I-Brook,O/ISR-ch 1986/CBM 01/1/2-1/2 (43)}) 6... Bb4+ $146 (6... Be7 7.
Nxf7 (7. O-O O-O 8. h3 Bxg5 9. Bxg5 Qxg5 10. Bxd5 Bxh3 11. Qd2 Qxd2 12. Nxd2
Bd7 13. Nf3 Rfe8 14. a3 Kh8 15. Ng5 Be6 16. Nxf7+ Kg8 17. Bxc6 bxc6 18. Nxe5
Bd5 19. Rfe1 Rab8 20. b4 Re6 21. c4 Rbe8 22. cxd5 Rxe5 23. Rxe5 Rxe5 24. dxc6
Rd5 25. Rd1 Rd6 26. b5 Rd5 27. a4 Rd4 28. a5 Rb4 29. b6 axb6 30. Ra1 bxa5 31.
Rxa5 Rb6 32. Rc5 Kf7 33. d4 Ke6 34. Re5+ Kd6 35. f4 Rxc6 36. f5 Rc4 37. Re6+
Kd7 38. d5 Rc5 39. Re5 c6 40. Kf2 Rxd5 41. Rxd5+ cxd5 {
Fuehrer,S-Diehle,J/Guben 1996/0-1 (65)}) 7... Kxf7 8. Qf3+ Ke8 9. Bxd5 Rf8 10.
Bxc6+ bxc6 11. Qxc6+ Bd7 12. Qe4 c6 13. O-O Qc7 14. Qxh7 Rf7 15. Qh5 {
1-0 Wagner,E-Schnegg,L/Biel op2 1993/TD 93\07 (15)}) (6... Qd7 7. c3 f6 8. Ne4
Be7 9. Qf3 Nd8 10. Bxd5 Qxd5 11. Nxf6+ Bxf6 12. Qxd5 c6 13. Qe4 O-O 14. O-O Ne6
15. Be3 Nf4 16. Bxf4 exf4 17. Nd2 Bg5 18. Nf3 Bf5 19. Qc4+ Kh8 20. Nxg5 h6 21.
Ne6 {Mohammadi,A-Lindgren,H/SVE-ch op Vaxjo 1992/EXT 92ch/1-0 (32)}) (6... Bc5
7. Nc3 O-O 8. Nxd5 Be6 9. Nc3 Bxc4 10. dxc4 Qxd1+ 11. Kxd1 Bxf2 12. Ke2 {
0-1 Jorgensen,C-Haeusl,K/EU-chJW U10 Herculane 1994/TD 94\01 (12)}) 7. c3 {
Prevents intrusion on d4} Be7 8. Qf3 {The mate threat is Qxf7} Bxg5 9. Bxd5 O-O
10. Bxg5 Qxg5 11. Nd2 ({Inferior is} 11. Bxc6 Qc1+ 12. Qd1 Qxb2 $17) 11... Be6
$14 (11... Ne7 12. h4 Qg6 13. h5 $11) 12. Bxc6 bxc6 13. Qxc6 Rab8 14. Nc4 $15 (
14. b4 $142 $5 $14 {is an interesting alternative}) 14... Bxc4 15. dxc4 Rfd8
$14 (15... Rb6 $142 $5 {is worthy of consideration} 16. Qc5 Qxg2 $15 (16...
Rxb2 $143 17. O-O $11)) 16. O-O Rxb2 17. Qxc7 Rc2 (17... a6 18. Rae1 Re8 19.
Qc6 $16) 18. Rab1 $14 (18. Rae1 Re8 19. Qxa7 Qe7 $18) 18... Rcd2 $16 (18...
Rxa2 19. Rb7 Rxf2 20. Qxd8+ Qxd8 21. Rxf2 f6 22. Rxa7 Qb6 $11) 19. Qxa7 {
The passed pawn on a2 quickly leads to threats} e4 20. a4 $16 (20. Rb8 h6 $18)
20... h6 $18 (20... Qe5 21. a5 $16) 21. a5 Qh5 22. a6 Rd1 $2 (22... Qe5 $142
$18) 23. h3 (23. Rbxd1 {makes it even easier for White} Qxd1 24. Qb7 Qd7 $18)
23... Rxb1 24. Rxb1 Rd1+ 25. Rxd1 Qxd1+ 26. Kh2 Qd6+ 27. g3 f5 (27... Qf6 $18 {
the last chance for counterplay}) 28. Qb7 f4 (28... Kh7 {
doesn't change the outcome of the game} 29. a7 Qd2 30. Kg2 $18) 29. Qd5+ Qxd5
30. cxd5 e3 31. fxe3 fxe3 32. Kg2 Kf7 33. Kf3 h5 34. Kxe3 Kf6 35. a7 Kf5 36.
a8=Q $1 {surprise!. Do you see the mate threat?} g5 37. Qh8 (37. Qc6 g4 38.
Qe6+ Kg5 39. h4#) 37... Kg6 38. Qd4 $18 (38. d6 g4 39. d7 gxh3 40. d8=Q Kf5 41.
Qxh5+ Ke6 42. Qhd5#) 38... Kf5 39. d6 (39. Qb6 g4 40. Qe6+ Kg5 41. h4#) 39...
Kg6 (39... g4 {doesn't change anything anymore} 40. d7 gxh3 41. d8=Q Kg6 42.
Q4f6+ Kh7 43. Qdh8#) 40. Qd5 (40. d7 g4 41. d8=Q gxh3 42. Q4f6+ Kh7 43. Qdh8#)
40... Kf6 (40... g4 {does not win a prize} 41. d7 gxh3 42. d8=Q Kg7 43. Qe7+
Kg6 44. Qde6#) 41. d7 Kg6 (41... Kg7 {doesn't get the cat off the tree} 42.
Qxg5+ Kf7 43. d8=Q Ke6 44. Qgf6#) 42. d8=Q h4 (42... g4 {is no salvation} 43.
Qe6+ Kg7 44. Qdg8#) 43. Q8d6+ (43. Q8xg5+ Kh7 44. Qdg8#) 43... Kh7 44. Qb7+ Kg8
45. Qdb8# (45. Qd8#) 1-0